000 00689nam a2200217Ii 4500
003 JO-AjNU
008 230605s9999||||xx |||||||||||||| ||und||
017 _a1982/3638
020 _a977-01-0104-4
040 _aJO-AjNU
_bara
_erda
_cJO-AjNU
041 _aara
050 1 4 _aPJ7862.H68.S57 1995
100 3 _aتأليف شوقي، أحمد,
_eauthor
_945340
245 0 0 _aمسرحية الست هدى
264 3 1 _aالقاهرة: الهيئة المصرية العامة للكتاب ، 1982
300 _a66ص
336 _atext
_btxt
_2rdacontent
337 _aunmediated
_bn
_2rdamedia
338 _avolume
_bnc
_2rdacarrier
650 4 _aالأدب العربي - مسرح
_945341
999 _aA19646
_c23214
_d23214